| 000 | 00547 a2200241 4500 | ||
|---|---|---|---|
| 260 | _aCotonou | ||
| 100 | _aDOSSOU, Eyitayo | ||
| 700 | _aMIGAN, Sylvana | ||
| 260 | _bENEAM | ||
| 300 | _b44 p | ||
| 245 | _aLa politique d'octroi de crédit aux entreprises dans une institution bancaire | ||
| 650 | _aCOMPTABILIE | ||
| 650 | _aGESTION | ||
| 650 | _aOCTROI DE CREDIT | ||
| 650 | _aPOLITIQUE | ||
| 650 | _aINSTITUTION BANCAIRE | ||
| 260 | _c2007 | ||
| 130 | _lFr | ||
| 500 | _a2 ex | ||
| 040 | _aENEAM | ||
| 999 |
_c9767 _d9767 |
||